Melbourne Suburbs Where English Not Mostly Spoken - Statistics

General Stats
  • This quiz has been taken 52 times
  • The average score is 3 of 6
Answers on the Map
Answers color-coded by a green-red scale on the quiz's map according to % correct below.
 
Answer Stats
English Speakers Most Popular Languages Melbourne Suburb % Correct
18.7% Vietnamese (25.2%) Springvale
78%
32.5% Mandarin (33.9%) Box Hill
73%
21.6% Vietnamese (29.2%) St Albans
49%
23.6% Vietnamese (25.4%) Springvale South
38%
23.7% Vietnamese (39.0%) Sunshine North
33%
27.2% Vietnamese (31.3%) Cairnlea
16%
No matching quizzes found
Score Distribution
Percent of People with Each Score
Percentile by Number Answered
Your Score History
You have not taken this quiz